Most Common Road Names in Massachusetts - Statistics

General Stats
  • This quiz has been taken 31 times
  • The average score is 9 of 25
Answer Stats
Hint Answer % Correct
#8: 226 Roads Main
96%
#23: 193 Roads Washington
72%
#5: 272 Roads Oak
68%
#7: 255 Roads Elm
64%
#24: 191 Roads Adams
56%
#10: 220 Roads Lincoln
56%
#1: 357 Roads Maple
56%
#17: 200 Roads South
52%
#18: 197 Roads West
52%
#3: 278 Roads Pine
48%
#2: 319 Roads Park
44%
#25: 188 Roads River
36%
#11: 216 Roads School
36%
#12: 213 Roads Chestnut
32%
#14: 204 Roads Spring
32%
#21: 194 Roads Church
28%
#15: 203 Roads Cedar
24%
#18: 197 Roads Walnut
20%
#16: 202 Roads Forest
12%
#21: 194 Roads Grove
12%
#6: 267 Roads Highland
12%
#4: 275 Roads Pleasant
12%
#13: 209 Roads Prospect
8%
#9: 223 Roads Cross
4%
#20: 195 Roads Hillside
4%
No matching quizzes found
Score Distribution
Percent of People with Each Score
Percentile by Number Answered
Your Score History
You have not taken this quiz